000 00568nam a22001697a 4500
999 _c169664
_d169664
005 20191128143506.0
010 _aENG-127019
020 _c395.00
_a9357941843
035 _aEN-110551
037 _bDBAD/PUB
082 _a000
245 _aOlympiad online test package :
_cby Prabhu Jhingran [and] Raghav Jhingran
_bfor IMO, NSO, IEO, NCO
260 _aNew Delhi
_bV & S Publishers
270 _aF-2/16, Ansari Road, Daryaganj
_bNew Delhi
_e110002
_minfo@vspublishers.com
_k23240026, 23240027
300 _a48p.
_c23cm(pbk)
942 _2ddc
_cEN
_h000